Ikkis kahaniyan: (Record no. 148880)
[ view plain ]
| 000 -LEADER | |
|---|---|
| fixed length control field | 00682nam a2200241Ia 4500 |
| 003 - CONTROL NUMBER IDENTIFIER | |
| control field | OSt |
| 005 - DATE AND TIME OF LATEST TRANSACTION | |
| control field | 20250211133530.0 |
| 008 - FIXED-LENGTH DATA ELEMENTS--GENERAL INFORMATION | |
| fixed length control field | 210210b1953 xxu||||| |||| 00| 0 eng d |
| 040 ## - CATALOGING SOURCE | |
| Transcribing agency | AL |
| 041 ## - LANGUAGE CODE | |
| Language code of text/sound track or separate title | hin |
| 082 ## - DEWEY DECIMAL CLASSIFICATION NUMBER | |
| Classification number | 869/116 |
| 100 ## - MAIN ENTRY--PERSONAL NAME | |
| Personal name | KRISHNADAS (Ray) |
| 9 (RLIN) | 199056 |
| 110 ## - MAIN ENTRY--CORPORATE NAME | |
| Subordinate unit | कृष्णदास राय |
| 9 (RLIN) | 199057 |
| 245 ## - TITLE STATEMENT | |
| Title | Ikkis kahaniyan: |
| Remainder of title | इक्कीस कहानियाँ |
| 260 ## - PUBLICATION, DISTRIBUTION, ETC. | |
| Place of publication, distribution, etc. | Allahabad |
| Name of publisher, distributor, etc. | Bharati Bhandar |
| Date of publication, distribution, etc. | 1953 |
| 650 ## - SUBJECT ADDED ENTRY--TOPICAL TERM | |
| Topical term or geographic name entry element | kahaniyAn |
| 9 (RLIN) | 199058 |
| 650 ## - SUBJECT ADDED ENTRY--TOPICAL TERM | |
| Topical term or geographic name entry element | Ikkis |
| 9 (RLIN) | 199059 |
| 690 ## - LOCAL SUBJECT ADDED ENTRY--TOPICAL TERM (OCLC, RLIN) | |
| Topical term or geographic name as entry element | Hindi Fiction |
| 9 (RLIN) | 199060 |
| 700 ## - ADDED ENTRY--PERSONAL NAME | |
| Personal name | PATHAK (V) Ed |
| 9 (RLIN) | 199061 |
| 710 ## - ADDED ENTRY--CORPORATE NAME | |
| Subordinate unit | पाठक (वी) Ed |
| 9 (RLIN) | 199062 |
| 906 ## - LOCAL DATA ELEMENT F, LDF (RLIN) | |
| a | 023915 |
| 942 ## - ADDED ENTRY ELEMENTS (KOHA) | |
| Source of classification or shelving scheme | Dewey Decimal Classification |
| Koha item type | Book |
| Withdrawn status | Lost status | Source of classification or shelving scheme | Damaged status | Not for loan | Collection code | Home library | Current library | Date acquired | Cost, normal purchase price | Total Checkouts | Full call number | Barcode | Date last seen | Price effective from | Koha item type |
|---|---|---|---|---|---|---|---|---|---|---|---|---|---|---|---|
| Dewey Decimal Classification | Hindi | St Aloysius Library | St Aloysius Library | 02/17/2021 | 0.00 | 869/116 | 023915 | 02/17/2021 | 02/17/2021 | Book |